000 00579nam a2200217Ia 4500
005 20250508165027.0
008 008 250505s9999 xx 000 0 hin d
020 _a0-19-563077-7
037 _aTextual
040 _aFEDL
_beng
_cFEDL
041 _ahin
_2eng
084 _a027.4, KUL
_qFEDL
100 _aKulshreshtha Ajay
_9779738
245 0 _aSarvajanik pustakalaya sangathan
260 _aJaipur, India
_bRachna Prakashan
_c1988
300 _a239p.
365 _aINR
_b80
546 _aMACESE
942 _cTEXL
_h027.4, KUL
999 _c1392724
_d1392724